000 00464nam a2200169Ia 4500
005 20250508150054.0
008 008 250505s9999 xx 000 0 eng d
037 _aTextual
040 _aFEDL
_beng
_cFEDL
041 _aeng
_2eng
084 _a923.242, MUI
_qFEDL
100 _aMuir D Erskine
_9755645
245 0 _aOliver cromwell
260 _aLondon, UK
_bBlackie and Son Limited
942 _cTEXL
_h923.242, MUI
999 _c1321639
_d1321639